Všeobecné východiskové aspekty formovania komplexného obytného prostredia : Rešerš 2766
Enregistré dans:
| Format: | Livre |
|---|---|
| Langue: | slovaque |
| Publié: |
Bratislava :
SlTK-Centrum VTI SR,
1987
|
| Sujets: | |
| Tags: |
Pas de tags, Soyez le premier à ajouter un tag!
|
MARC
| LEADER | 00000nam a22000003a 4500 | ||
|---|---|---|---|
| 001 | stu44175 | ||
| 005 | 20150408180403.3 | ||
| 008 | 950201s1987----cs------------------slo-d | ||
| 040 | |a STU |b slo | ||
| 041 | 0 | |a slo | |
| 044 | |a cs | ||
| 080 | |a 711 | ||
| 080 | |a 72 | ||
| 245 | |a Všeobecné východiskové aspekty formovania komplexného obytného prostredia : |b Rešerš 2766 | ||
| 260 | |a Bratislava : |b SlTK-Centrum VTI SR, |c 1987 | ||
| 300 | |a 76 záznamov (1983-1987 | ||
| 650 | 7 | |a prostredie obytné |2 stusub | |
| 650 | 7 | |a rešerš |2 stusub | |
| 996 | |b M R-3 |c M*R-3 |l MMKN |s A |a 24 |w stu44175_0001 | ||